Los alcaldes de Monzón (Record no. 158928)

MARC details
000 -LEADER
campo de control de longitud fija 01209nam a22002535i 4500
001 - NÚMERO DE CONTROL
campo de control 158928
003 - IDENTIFICADOR DE NÚMERO DE CONTROL
campo de control ES-MaACL
005 - FECHA Y HORA DE LA ÚLTIMA TRANSACCIÓN
campo de control 20250824075546.0
008 - DATOS DE LONGITUD FIJA--INFORMACIÓN GENERAL
campo de control de longitud fija 000404s1870 sp |||| | spa d
040 ## - FUENTE DE CATALOGACIÓN
Centro catalogador/agencia de origen CAM
Lengua de catalogación spa
Centro/agencia transcriptor CAM
100 1# - ENTRADA PRINCIPAL--NOMBRE DE PERSONA
Nombre de persona Martinez, Cipriano.
9 (RLIN) 223050
245 14 - MENCIÓN DEL TÍTULO
Título Los alcaldes de Monzón
Resto del título : zarzuela cómica en tres actos y en verso /
Mención de responsabilidad, etc. original de Cipriano Martinez ; música de Angel Rubio y Rafael Aceves.
260 ## - PUBLICACIÓN, DISTRIBUCIÓN, ETC.
Lugar de publicación, distribución, etc. Madrid :
Nombre del editor, distribuidor, etc. [s.n.],
Fecha de publicación, distribución, etc. 1870 (
Fabricante Imprenta de José Rodriguez)
300 ## - DESCRIPCIÓN FÍSICA
Extensión 72, [1] p. ;
Dimensiones 20 cm.
490 1# - MENCIÓN DE SERIE
Mención de serie El teatro contemporáneo
500 #1 - NOTA GENERAL
Nota general En port.: Representada ... en el Teatro de Verano (Circo de Paul), la noche del 13 de mayo de 1870.
500 ## - NOTA GENERAL
Nota general Solo la letra.
596 #1 - NOTA AL PIE DE IMPRENTA
NOTA AL PIE DE IMPRENTA Menciones de editor y de serie constan en la cub.
700 0# - ENTRADA AGREGADA--NOMBRE PERSONAL
Nombre de persona Rubio, Angel.
9 (RLIN) 100337
700 1# - ENTRADA AGREGADA--NOMBRE PERSONAL
Nombre de persona Aceves, Rafael.
9 (RLIN) 125537
830 03 - PUNTO DE ACCESO ADICIONAL DE SERIE-TÍTULO UNIFORME
Título uniforme El teatro contemporáneo (Imp. de José Rodríguez)
9 (RLIN) 221898
852 ## - LOCALIZACIÓN
Ubicación ES-MaACL
Número de control de estantería F-8560(3)
Nota libre -- Enc. pasta española
-- -- Dedicatoria ms. del autor al tenor Pastor
condición física -- Falto de la cub. original
Nota libre -- Enc. en un vol. facticio formando parte de la col. facticia "Teatro español moderno", v. 12
Holdings
Estatus retirado Estado de pérdida Estado de daño No para préstamo Colección Biblioteca de origen Biblioteca actual Ubicación en estantería Fecha de adquisición Total de préstamos Signatura topográfica completa Código de barras Visto por última vez Precio de reemplazo Tipo de ítem Koha
        Libros del s. XIX Biblioteca del Ateneo de Madrid Biblioteca del Ateneo de Madrid Sala Pecera Planta 2 17/01/2008   F-8560(3) 1166352 23/02/2023 23/02/2023 Libro impreso antiguo